| 000 | 00654nam a2200229 a 4500 | ||
|---|---|---|---|
| 001 | C01487434c-1 | ||
| 003 | CO-ViMGA | ||
| 005 | 20230915233137.0 | ||
| 008 | 150706s2007 sp gr 0001d spa d | ||
| 020 | _a9788496601390 | ||
| 040 |
_aCO-ViMGA _bspa _cCO-ViMGA |
||
| 043 | _ae-sp--- | ||
| 082 | 0 | 4 |
_a862.6 _bO93p _221 |
| 100 | 1 |
_aOvejero, José, _d1958- _93817 |
|
| 245 | 1 | 4 |
_aLos políticos ; La plaga / _cJosé Ovejero. |
| 260 |
_aMadrid : _bEditorial Funambulista, _c2007. |
||
| 300 |
_a237 páginas ; _c18 cm. |
||
| 490 | 1 | _aEscena Rios | |
| 650 | 1 | 4 |
_aTeatro español. _93818 |
| 700 | 1 |
_aLópez Sánchez, Laura. _93819 |
|
| 942 |
_2ddc _cBK |
||
| 999 |
_c35604 _d35604 |
||